US Military vehicles - Statistics

General Stats
  • This quiz has been taken 229 times
  • The average score is 2 of 10
Answer Stats
Hint Answer % Correct
Military jeep Humvee
93%
1986-1920 50 inch caliber machine gun and 120MM smooth bore cannon M1 Abrams
23%
Amoured personal carrier MRAP
20%
twin engine defence jet for boeings and cargo planes F-15 Eagle
10%
2 jet engine fighter. 17M. 1,915 km/h F18 hornet
10%
Large military transport aircraft. C-17 C17 globemaster II
3%
Fixed wing close combat aircraft. first flight 10th may 1922 A-10 Thunderbolt II
2%
Rolls-Royce AE 2100 D3 turboprops with Dowty R391 cargo plane C-130J Super Heracles
1%
Single seated, single engine lockhead martin F-35 lighting II
1%
single engine turbo prop built by the Raytheon Aircraft Company. T6 Texan II
1%
No matching quizzes found
Score Distribution
Percent of People with Each Score
Percentile by Number Answered
Your Score History
You have not taken this quiz